000
00251 a2200121 4500
001
127433
040
_c
Escola Canadense de Niteroi
245
1
0
_a
Mapa do Brasil [Banner]
650
4
_a
Mapa
650
4
_a
Geografia
650
4
_a
Brasil
942
_c
MATP
999
_c
127433
_d
127433